Kadra Meksyku na mundial 2022 - Statystyki

Ogólne statystyki
  • Ten quiz został rozwiązany 14 razy
    8 od ostatniego zresetowania
  • Średni wynik to 11 z 26
Statystyki odpowiedzi
Pozycja Zawodnik % Poprawnych
Bramkarz Guillermo Ochoa
100%
Napastnik Hirving Lozano
100%
Pomocnik Edson Alvarez
71%
Obrońca Kevin Alvarez
71%
Obrońca Nestor Araujo
71%
Napastnik Alexis Vega
57%
Pomocnik Andres Guardado
57%
Pomocnik Erick Sanchez
57%
Obrońca Jorge Sanchez
57%
Napastnik Raul Jimenez
57%
Bramkarz Alfredo Talavera
43%
Pomocnik Carlos Rodriguez
43%
Napastnik Henry Martin
43%
Obrońca Jesus Gallardo
43%
Bramkarz Rodolfo Cota
43%
Obrońca Cesar Montes
29%
Pomocnik Hector Herrera
29%
Obrońca Hector Moreno
29%
Pomocnik Luis Chavez
29%
Napastnik Rogelio Funes Mori
29%
Obrońca Gerardo Arteaga
14%
Obrońca Johan Vasquez
14%
Pomocnik Luis Romo
14%
Pomocnik Orbelin Pineda
14%
Napastnik Roberto Alvarado
14%
Napastnik Uriel Antuna
14%
Nie znaleziono quizów pasujących do podanych kryteriów
Rozkład punktacji
Procent ludzi z każdym wynikiem
Percentyl według liczby udzielonych odpowiedzi
Twoja historia wyników
Nie rozwiązałeś tego quizu od ostatniego zresetowania